Statistics for Technoblade Quiz

Click here to take the quiz!

General Stats

  • This quiz has been taken 342 times
  • The average score is 11 of 18

Answer Stats

HintAnswer% Correct
Real nameAlexander
96%
Had a 1500+ winstreak in...Bedwars
86%
Fought a best of 10 duel against this fellow player, organized by MrBeast for $100kDream
85%
He farmed half a million of this crop for bragging rightsPotatoes
84%
Scripted, story-based server owned by the above in which Techno plays an anarchistic warlordDream SMP
73%
One of two causes for Techno's popularity to explode in 2019, 4x winnerMinecraft Mondays
71%
Name used to prank creeps onlineDave
70%
The person he wanted to brag to, former #1im_a_squid_kid
68%
He beat Minecraft Hardcore over a 12 hour stream using a...Steering Wheel
68%
Tournament Techno won twice, with no money prize and only a small tokenMinecraft Championship
66%
The other cause, Hypixel's most popular game to dateSkyblock
63%
(BONUS) What is the most famous catchphrase of Techno?TECHNOBLADE NEVER DIES
58%
Part of a YouTube 'group' alongside WilburSoot, TommyInnit, and Ph1lzaSleepy Boys Inc.
48%
Gained early fame with this game, has a parody song named after itBlitz SG
47%
Techno's first video was on the server...Mineplex
32%
116 team kills in this tournament, 47 coming from TechnoMinecraft Ultimate
21%
(BONUS) What did Techno spend weeks grinding for that ended up only giving +1% speed?Bat Talisman
18%
(BONUS) Who was Techno shipped with in "THE ULTIMATE HUNGER GAMES! - Hunger Games Simulator"?Abraham Lincoln
14%

Score Distribution

Percentile by Number Answered

Percent of People with Each Score

Your Score History

You have not taken this quiz